Algebra moderna /
Guardado en:
| Autor Principal: | |
|---|---|
| Formato: | Libro |
| Publicado: |
Barcelona :
Teide,
1960
|
| Materias: | |
| Etiquetas: |
Agregar Etiqueta
Sin Etiquetas, Sea el primero en etiquetar este registro!
|
| LEADER | 01054nam a22002295a 4500 | ||
|---|---|---|---|
| 001 | CEM.cems001064 | ||
| 005 | 20060213000000.0 | ||
| 008 | 130507s1960##################000#0#####d | ||
| 003 | CEMS | ||
| 082 | 0 | 4 | |a 512 |
| 100 | 1 | |a Birkhoff, Garret | |
| 245 | 1 | 0 | |a Algebra moderna / |
| 260 | |a Barcelona : |b Teide, |c 1960 | ||
| 300 | |a 503 p. | ||
| 505 | 0 | |a Numero natural; Numeros enteros. Divisibilidad; Numeros racional y numero real; Numeros complejos; Relaciones y operaciones; Algebra proposicional. Operaciones con conjuntos; Estructuras álgebraicas. Grupos. Anillos; Cuerpos. Nociones de la teoría de ecuaciones; Espacios vectoriales; Matrices y transformaciones lineales; Formas lineales y p-lineales; Determinantes; Sistemas de ecuaciones lineales; Producto de vectores. Transformaciones ortogonales | |
| 653 | |a Algebra | ||
| 653 | |a Matematica | ||
| 653 | |a Matrices | ||
| 653 | |a Polinomios | ||
| 653 | |a Teoria de galois | ||
| 859 | |a CEMS |b BIB. CEMS - 11 de abril |h 512 |i B536 |p 3015.74 |t Ej.1 | ||
| 859 | |a CEMS |b BIB. CEMS - 11 de abril |h 512 |i B536 |p 3016.74 |t Ej.2 | ||
